Egyházi hiradó. - 6. évf. (1927) 2. sz.
Elmentve itt :
| Dokumentumtípus: | Folyóirat |
|---|---|
| Megjelent: |
1927
|
| Sorozat: | Egyházi hiradó
6 No. 2 |
| Online Access: | http://misc.bibl.u-szeged.hu/28401 |
| LEADER | 00511nas a2200145 i 4500 | ||
|---|---|---|---|
| 001 | misc28401 | ||
| 005 | 20191106142919.0 | ||
| 008 | 171006s1927 hu o 0|| zxx d | ||
| 040 | |a SZTE Miscellanea Repozitórium |b hun | ||
| 041 | |a zxx | ||
| 245 | 0 | 0 | |a Egyházi hiradó. - 6. évf. (1927) 2. sz. |h [elektronikus dokumentum] |
| 260 | |c 1927 | ||
| 490 | 0 | |a Egyházi hiradó |v 6 No. 2 | |
| 561 | |a Szegedi helytörténeti dokumentumok | ||
| 856 | 4 | 0 | |u http://misc.bibl.u-szeged.hu/28401/1/egyhazi_hirado_1927_006_002.pdf |z Dokumentum-elérés |